000 00561nam a2200193Ia 4500
005 20250923145156.0
008 008 250917s9999 xx 000 0 eng d
037 _aReference
040 _aDSWL
_beng
_cDSWL
041 _aeng
_2eng
084 _an2,N6t5, N69
_qDSWL
245 0 _aAnnual Plan 1969-70
_cby Dept. of Social Welfare, Govt. Of India
260 _bDept. of Social Welfare, Govt. Of India
_c1969
300 _a173p.
365 _aINR
_b3.00
925 _g3.00
942 _cREF
_hn2,N6t5, N69
999 _c1448091
_d1448091